Le monumentali storia di roma. tomo 7 /
Guardado en:
| Autor Principal: | |
|---|---|
| Formato: | Libro |
| Publicado: |
Torino :
Sten Editrice,
1925
|
| Materias: | |
| Etiquetas: |
Agregar Etiqueta
Sin Etiquetas, Sea el primero en etiquetar este registro!
|
| LEADER | 00469nam a22001455a 4500 | ||
|---|---|---|---|
| 001 | EHU.bham014452 | ||
| 003 | AR-BHAM | ||
| 005 | 20100318164430.0 | ||
| 008 | 130507s1925##################000#0#####d | ||
| 082 | 9 | 3 | |a 937 |
| 100 | 1 | |a Pais, Ettore | |
| 245 | 1 | 0 | |a Le monumentali storia di roma. tomo 7 / |c Ettore Pais |
| 260 | |a Torino : |b Sten Editrice, |c 1925 | ||
| 653 | |a Historia antigua-roma | ||
| 859 | |a AR-BHAM |b BIB. HUMANIDADES - Lectura de escasa demanda |h 937 |i P166 |p 64.58 |t Ej.1 |v VII LED721 |3 VII | ||
